000
00290nam a22001337a 4500
008
170531b xxu||||| |||| 00| 0 eng d
020
_a
9780195106558
041
_a
eng
080
_a
93
100
_a
17
101
_a
shh
245
_a
HIDDEN ATTRACTION
_c
VERSCHUUR, G.L
942
_2
udc
_c
BK
999
_c
15122
_d
15122